Filosofia del dovere giuridico

Bibliographic Details
Main Author: Incampo, Antonio
Format: Book
Language:Italian
Published: Bari : Cacucci Editore, 2003
Subjects:
Online Access:http://www.vlex.com/source/11211

MARC

LEADER 00000nam a22000007a 4500
005 20130430171026.0
007 cr|||| ||||
008 130430e2003 it |||||||||| 00||0 ita d
020 |a 9788884222558 
035 |a 11211 
040 |a vLex 
090 |c 4231  |d 4231 
100 1 0 |a Incampo, Antonio 
245 1 0 |a Filosofia del dovere giuridico  |c / Antonio Incampo   |h [Recurso electrn̤ico]  
256 |a Servicio en ln̕ea 
260 |a Bari :  |b Cacucci Editore,   |c 2003  
300 |a 1 Recurso electrn̤ico 
506 |d vLex Global  |d vLex Global (Academic Edition, excluding Law Schools)  |d vLex Global (U.S. Academic Edition, Law Schools)  |d vLex Global (U.S. Academic Edition, excluding Law Schools)  |d vLex Global (Academic Edition, Law Schools) 
650 0 4 |a Filosofa̕ del Derecho 
650 0 4 |a Teora̕ General del Derecho 
740 |a vLex Libros (Servicio en ln̕ea) 
856 |a Acceso restringido  |u http://www.vlex.com/source/11211 
942 |c BOOK 
999 0 |a Law